000 01629nam a22002537a 4500
005 20240305165606.0
007 cr|||| ||||
008 210519s2011 co |||||s|||| 00||0 spa d
020 _a978-958-8675-66-4
035 _a33469
040 _avLex
090 _c11744
_d11744
100 1 _aDe Luis, Alejandro
245 1 0 _aTrading room
_h[Recurso electrónico] :
_bLa especulación inteligente /
_cAlejandro De Luis
256 _aServicio en línea
260 _aBogotá:
_bEdiciones de la U,
_c2011
300 _a1 recurso electrónico
500 _aEste texto detalla cómo actúa y se prepara psicológicamente un trader para poder sobrevivir en el mundo de las finanzas, aprender a realizar una especulación inteligente, diferenciando al resto de los inversores, aprendiendo cómo actuar y pensar en todo momento, con tres sencillos pasos: Preparación psicológica, conocimientos imprescindibles y cinco técnicas de trading profesional, podrás comenzar a saber lo necesario en el mundo de las inversiones, Alejandro de Luis detalla cómo actúa y se prepara psicológicamente un trader para poder sobrevivir en el mundo de las finanzas.
506 1 _aDisponible solo en los productos indicados
_dvLex Global
_dvLex Global (Academic Edition, excluding Law Schools)
_dvLex Global (U.S. Academic Edition, Law Schools)
_dvLex Global (U.S. Academic Edition, excluding Law Schools)
_dvLex Global (Academic Edition, Law Schools)
650 0 4 _aBanca y finanzas
_zColombia
740 0 _avLex Libros (Servicio en línea)
856 4 0 _uhttps://vlex.com/source/trading-room-la-especulacion-inteligente-33469
942 _cRAA
999 _c169980
_d169980